000 00778nam a22002657a 4500
001 75523
003 BD-RjUL
005 20211209082714.0
008 190420s1968 e ||||| i||| 001 0 eng d
020 _a 9780852700099
020 _a0852700091
_c : Sh. 70.00
035 _a(BD-RjUL) 75741
040 _aBD-RjUL
_beng
_cBD-RjUL
041 _aeng
082 _223
_a657.3
_bJOS 1968
100 1 _4Jones, Frank H
245 1 0 _a Supliment to Guide to company balance sheets and profit and loss accounts /
_cFrank H Jones
250 _a6th.ed.
260 _aCambridge :
_bW. Heffer & Sons,
_c1968.
300 _a729 p. ;
_c23 cmx15
500 _aIncludes Index
650 _aFinancial statements
_9230921
650 _aCorporations
_vAccounting
_9230922
942 _2ddc
_cBK
999 _c75523
_d75523